FIFA Club World Cup (Intercontinental Cup) - Statistics

General Stats
  • This quiz has been taken 1,370 times
    759 since last reset
  • The average score is 42 of 72
Answer Stats
Hint Winner % Correct
1960 Real Madrid
98%
1998 Real Madrid
98%
2002 Real Madrid
98%
2009 Barcelona
95%
2011 Barcelona
95%
1976 Bayern Munich
87%
2001 Bayern Munich
87%
1981 Liverpool
87%
1999 Manchester United
87%
2008 Manchester United
87%
1969 Milan
82%
1989 Milan
82%
1990 Milan
82%
2007 Milan
82%
1985 Juventus
80%
1996 Juventus
80%
1987 Porto
76%
2004 Porto
76%
1977 Boca Juniors
75%
2000 Boca Juniors
75%
2003 Boca Juniors
75%
1972 Ajax
74%
1995 Ajax
74%
1997 Borussia Dortmund
74%
1986 River Plate
73%
1996 River Plate
73%
1962 Santos
72%
1963 Santos
72%
1961 Benfica
69%
1992 São Paulo
61%
1993 São Paulo
61%
2005 São Paulo
61%
1981 Flamengo
59%
1988 PSV Eindhoven
59%
1964 Internazionale
58%
1965 Internazionale
58%
2010 Internazionale
58%
1991 Red Star Belgrade
58%
1982 Aston Villa
57%
1967 Celtic
57%
1980 Nottingham Forest
56%
1983 Hamburg SV
54%
1970 Feyenoord
53%
1999 Palmeiras
50%
1983 Grêmio
48%
1961 Peñarol
48%
1966 Peñarol
48%
1982 Peñarol
48%
2006 Internacional
47%
1973 Independiente
46%
1984 Independiente
46%
1974 Atlético Madrid
43%
1968 Estudiantes
43%
1971 Nacional
43%
1980 Nacional
43%
1988 Nacional
43%
1998 Vasco da Gama
41%
1967 Racing
39%
1991 Colo-Colo
38%
1976 Cruzeiro
38%
1979 Olimpia
33%
1990 Olimpia
33%
2008 LDU Quito
30%
2004 Once Caldas
30%
1994 Vélez Sársfield
28%
1989 Atlético Nacional
27%
2010 TP Mazembe
27%
1985 Argentinos Juniors
25%
1986 Steaua București
23%
1971 Panathinaikos
17%
1977 Borussia Mönchengladbach
16%
1979 Malmö FF
16%
No matching quizzes found
Score Distribution
Percent of People with Each Score
Percentile by Number Answered
Your Score History
You have not taken this quiz since the last reset